000 00640nam a2200217 a 4500
005 20240925064939.0
008 020201s1998 mx r 000 0 spa d
020 _a0534346707
035 _aUPN01000115481
049 _aCG
050 4 _aBF317
_bD6.6 1998
100 1 _aDomjan, Michael,
_d1947-
245 1 4 _aThe principles of learning and behavior /
_cMichael Domjan.
250 _a4a. ed.
260 _aPacific Grove, Calif. :
_bBrooks/Cole,
_c1998.
300 _a435 p. :
_bil.
650 4 _aPsicologĂ­a del aprendizaje
_95221
650 4 _aREFLEJOS CONDICIONADOS
_925531
650 4 _aConducta (PsicologĂ­a)
_94460
905 _aLibro
999 _c88818
_d88818